000 00787nam a2200229 a 4500
001 000023465
005 20200930022234.0
008 101208s1979 ru r 000 0 spa d
040 _aDO-SdBNP
_bspa
_cBNPHU
082 _axxxx
_bV131v
100 1 _aVáiner, Arkadi
_948352
245 1 0 _aVisita al minotauro /
_cArkadi Váiner , Gueorgui Váiner ; traducción José Vento Molina.
260 _aMoscú :
_bProgreso,
_c1979.
300 _a443 p. ;
_c17 cm.
490 1 _aLibros soviéticos de aventura
500 _aIncluye notas al pie de las páginas.
534 _aВайнер, г Вайнер. ВиЭит к минотАвру.
700 1 _aVáiner, Gueorgui
_948353
700 1 _aVento Molina, José
_948354
830 0 _aLibros soviéticos de aventura
_948355
049 _aBNGR
999 _c22961
_d22961